Libro de casos de la CIE-10. (Registro nro. 526)
[ vista simple ]
| 000 -LEADER | |
|---|---|
| fixed length control field | 01358cam a2200289 a 4500 |
| 005 - FECHA ULTIMA MODIFICACION | |
| control field | 20240618133051.0 |
| 008 - CAMPO DE CONTROL (LIBRO) | |
| fixed length control field | 100318s1999||||sp ||||| |||| 00| 0 spa d |
| 020 ## - INTERNATIONAL STANDARD BOOK NUMBER | |
| ISBN | 8479034904 |
| 041 ## - CODIGO DE IDIOMA | |
| Código de idioma del texto/pista de sonido o título separado | spa |
| 092 ## - SIGNATURA TOPOGRAFICA DEWEY LOCAL | |
| número de clasificación | 616.89 |
| libristica | 48 |
| sección | LIB |
| 110 1# - ENTRADA PRINCIPAL-AUTOR CORPORATIVO | |
| Nombre de la institución, jurisdicción como entrada principal | Organizacion Mundial de la Salud. |
| 9 (RLIN) | 1007 |
| 245 ## - TITULO PROPIAMENTE DICHO | |
| Título | Libro de casos de la CIE-10. |
| Subtítulo y Título paralelo | Las diversas caras de los Trastornos Mentales. Historias clínicas de casos y de trastornos mentales y del comportamiento, en personas adultas, comentados según las descripciones de la CIE-10 / |
| Mención de responsabilidad y remanente de la transcripción de la portada | Organizacion Mundial de la Salud. |
| 250 ## - MENCION DE EDICION | |
| Mención de edición | 1a ed. |
| 260 ## - PIE DE IMPRENTA | |
| Lugar de publicación, distribución, etc | Madrid: |
| Nombre de la editorial, distribuidor, etc | Editorial Médica Panamericana; |
| Fecha de publicación | 1999. |
| 300 ## - DESCRIPCION FISICA | |
| Extension | 274 p. |
| 500 ## - NOTA GENERAL | |
| Nota general | Organización Mundial de la Salud. (1999). Libro de casos de la CIE-10. Las diversas caras de los trastornos mentales. Historias clñinics de casos y de trastornos mentales y del comportamiento, en personas adultas, comentados según las descripciones de la CIE-10. (1a ed.). Madrid : Editorial Médica Panamericana |
| 653 ## - TÉRMINO INDIZADO - PALABRAS CLAVES | |
| Palabra clave | Psiquiatria |
| 700 1# - ENTRADAS SECUNDARIAS - NOMBRE PERSONAL | |
| Nombre personal | Üstèun, T. B, |
| Función | Dir. |
| 9 (RLIN) | 1008 |
| 700 1# - ENTRADAS SECUNDARIAS - NOMBRE PERSONAL | |
| Nombre personal | Bertelsen, A, |
| Función | Dir. |
| 9 (RLIN) | 1009 |
| 700 1# - ENTRADAS SECUNDARIAS - NOMBRE PERSONAL | |
| Nombre personal | Dilling, H, |
| Función | Dir. |
| 9 (RLIN) | 1010 |
| 700 1# - ENTRADAS SECUNDARIAS - NOMBRE PERSONAL | |
| Nombre personal | Drimmelen, J. Van, |
| Función | Dir. |
| 9 (RLIN) | 1011 |
| 700 1# - ENTRADAS SECUNDARIAS - NOMBRE PERSONAL | |
| Nombre personal | Pull, C, |
| Función | Dir. |
| 9 (RLIN) | 1012 |
| 700 1# - ENTRADAS SECUNDARIAS - NOMBRE PERSONAL | |
| Nombre personal | Okaska, A, |
| Función | Dir. |
| 9 (RLIN) | 1013 |
| 700 1# - ENTRADAS SECUNDARIAS - NOMBRE PERSONAL | |
| Nombre personal | Sartorius, N, |
| Función | Dir. |
| 9 (RLIN) | 1014 |
| 930 ## - NUMERO DE INVENTARIO | |
| Número de inventario | 1193 |
| 942 ## - ADDED ENTRY ELEMENTS (KOHA) | |
| Source of classification or shelving scheme | Dewey Decimal Classification |
| Item type | Libros |
| Estado de retiro | Existencia | Fuente de clasificación | Estado general | No para prestamo | Ubicación permanente | ubicación actual | Sala de ubicación | Fecha de adquisición | Total Checkouts | Total Renewals | Número de clasificación | Código de barras | Checked out | Date last seen | Date last borrowed | Número de ejemplar | Price effective from | Koha tipo de elemento (item) | Public note |
|---|---|---|---|---|---|---|---|---|---|---|---|---|---|---|---|---|---|---|---|
| Dewey Decimal Classification | Biblioteca Medicina | Biblioteca Medicina | Referencia | 13/05/2011 | 2 | 8 | 616.89 48 LIB | 1193 | 01/03/2029 | 06/11/2014 | 03/04/2012 | ej.1 | 13/05/2011 | Libros | LIBRO DE CATEDRA |